The meaning of history

সংরক্ষণ করুন:
গ্রন্থ-পঞ্জীর বিবরন
প্রধান লেখক: Kahler, Erich
বিন্যাস: গ্রন্থ
ভাষা:Undetermined
প্রকাশিত: New York G. Braziller 1964
বিষয়গুলি:
ট্যাগগুলো: ট্যাগ যুক্ত করুন
কোনো ট্যাগ নেই, প্রথমজন হিসাবে ট্যাগ করুন!
Thư viện lưu trữ: Trung tâm Học liệu Trường Đại học Cần Thơ
LEADER 00508nam a2200193Ia 4500
001 CTU_109382
008 210402s9999 xx 000 0 und d
082 |a 901 
082 |b K12 
100 |a Kahler, Erich 
245 4 |a The meaning of history 
245 0 |c Erich Kahler 
260 |a New York 
260 |b G. Braziller 
260 |c 1964 
650 |a History,Historiography 
650 |x Philosophy 
904 |i Minh, Q. Hiếu (sửa) 
980 |a Trung tâm Học liệu Trường Đại học Cần Thơ